Football en 20 GIFS #9 - Qui marque le but ? - Statistiques

Statistiques générales
  • Ce quiz a été pris 76 fois
  • Le résultat moyen est 13 sur 20
Statistiques - réponses
Hint Réponse % Correct
Carlos Puyol
90%
Robert Pires
90%
Erik Lamela
89%
Tomáš Rosický
76%
Aleksandar Kolarov
71%
Francisco Trincão
71%
Jacob Murphy
70%
Jakub Błaszczykowski
67%
Mikel Oyarzabal
65%
Aleksandar Mitrović
63%
Mykhaïlo Mudryk
63%
Artem Bondarenko
62%
Jermain Defoe
60%
Iago Aspas
54%
Nicolas Anelka
54%
Ariel Ortega
51%
Julian Draxler
49%
Simone Zaza
49%
Ruben Neves
44%
Morten Nordstrand
40%
Aucun quiz correspondant
Distribution des résultats
% des personnes avec chaque résultat
Percentile par nombre de réponses
Votre historique - résultats
Vous n’avez pas pris ce quiz